[Event "Quebec-ch U16"]
[Site "Montreal"]
[Date "1989.03.03"]
[Round "3"]
[White "Paquette, Denis"]
[Black "Carrier, Michel"]
[Result "1-0"]
[WhiteElo "1521"]
[BlackElo "1419"]
[PlyCount "117"]
[EventDate "1989.03.02"]
[EventType "tourn"]
[EventRounds "7"]
[EventCountry "CAN"]
[SourceTitle "EXT 2022"]
[Source "ChessBase"]
[SourceDate "2021.10.06"]
[SourceVersion "1"]
[SourceVersionDate "2021.10.06"]
[SourceQuality "1"]

1. d4 d5 2. Nf3 Nf6 3. c4 e6 4. Bg5 Be7 5. Nc3 Nbd7 6. e3 0-0 7. Bd3 h6 8. Bh4 Re8 9. cxd5 exd5 10. 0-0 c6 11. Qc2 b5 12. a3 a6 13. Bxf6 Nxf6 14. Na2 Qc7 15. Rfc1 Bb7 16. Ne5 Rec8 17. Bf5 Rd8 18. Nxc6 Bxc6 19. Qxc6 Qxc6 20. Rxc6 g6 21. Bd3 Rdc8 22. Rac1 Rxc6 23. Rxc6 Kg7 24. a4 bxa4 25. Rxa6 Rxa6 26. Bxa6 a3 27. bxa3 Bxa3 28. Bb7 Bd6 29. Nc3 Bb4 30. Nxd5 Nxd5 31. Bxd5 Bd6 32. g4 g5 33. Kg2 Kg6 34. h3 f5 35. gxf5+ Kxf5 36. Kf3 Bh2 37. Bb7 Bc7 38. Bc8+ Kf6 39. Ke4 Bh2 40. f3 Bc7 41. Kd5 Bg3 42. e4 Bf4 43. e5+ Ke7 44. Ke4 Bd2 45. Kf5 Bc3 46. d5 Bd4 47. Ba6 Bc3 48. Bb5 Bd4 49. d6+ Kd8 50. Ke6 Bc3 51. Kd5 Bb2 52. e6 Bf6 53. e7+ Bxe7 54. dxe7+ Kxe7 55. Ke5 Kf7 56. Kf5 Kg7 57. Be8 Kh7 58. Kf6 g4 59. hxg4 1-0

[Event "Quebec-ch U16"]
[Site "Montreal"]
[Date "1989.03.03"]
[Round "2"]
[White "Salko, Nicolas"]
[Black "Paquette, Denis"]
[Result "0-1"]
[WhiteElo "1463"]
[BlackElo "1521"]
[PlyCount "98"]
[EventDate "1989.03.02"]
[EventType "tourn"]
[EventRounds "7"]
[EventCountry "CAN"]
[SourceTitle "EXT 2022"]
[Source "ChessBase"]
[SourceDate "2021.10.06"]
[SourceVersion "1"]
[SourceVersionDate "2021.10.06"]
[SourceQuality "1"]

1. d4 Nf6 2. c4 g6 3. Nc3 Bg7 4. Nf3 d6 5. Bg5 0-0 6. Qd2 Nbd7 7. Bh6 e5 8. Bxg7 Kxg7 9. dxe5 Nxe5 10. Nxe5 dxe5 11. Qxd8 Rxd8 12. g3 Be6 13. b3 c6 14. Bg2 Rac8 15. 0-0 Rd2 16. Rfd1 Rcd8 17. Kf1 Rxd1+ 18. Rxd1 Rxd1+ 19. Nxd1 Nd7 20. Nb2 f5 21. Nd3 g5 22. f3 f4 23. gxf4 exf4 24. h4 h6 25. hxg5 hxg5 26. Kf2 Bf5 27. Bf1 Bxd3 28. exd3 c5 29. Ke2 Ne5 30. Bh3 Kf6 31. Bc8 b6 32. Bh3 Kg6 33. Bg4 Nxg4 34. fxg4 Kf6 35. a3 a5 36. Kd2 Ke5 37. Ke2 Kd4 38. Kd2 f3 39. a4 f2 40. Ke2 f1Q+ 41. Kxf1 Kxd3 42. Kf2 Ke4 43. Kg3 Ke3 44. Kg2 Kf4 45. Kh3 Kf3 46. Kh2 Kxg4 47. Kg2 Kf4 48. Kf2 g4 49. Kg2 g3 0-1